[Event "AUTO-OPEN-219"]
[Site "http://www.queenalice.com/game.php?id=52546"]
[Date "2006.2.11"]
[Round "1"]
[White "SunsFan"]
[Black "KyoteeSun"]
[Result "0-1"]
[WhiteElo "1280"]
[BlackElo "1304"]

1. e4 e5 2. Nf3 f6 3. Nc3 c6 4. Bc4 d5 5. Bb3 d4 6. Ne2 Ne7 7. O-O Ng6 8. d3 a5
9. Ng3 Qd6 10. Nf5 b5 11. Nxd6+ Kd7 12. Nxc8 Kxc8 13. Be6+ Kc7 0-1

[Event "AUTO-OPEN-219"]
[Site "http://www.queenalice.com/game.php?id=52547"]
[Date "2006.2.11"]
[Round "1"]
[White "KyoteeSun"]
[Black "SunsFan"]
[Result "1-0"]
[WhiteElo "1288"]
[BlackElo "1296"]

1. e4 e5 2. Qf3 Nc6 3. c3 Nf6 4. b3 Bc5 5. b4 Bb6 6. Na3 O-O 7. b5 Na5 8. Rb1 h5
9. h3 h4 10. Be2 c5 11. Qf5 Bc7 12. g4 hxg3 13. fxg3 d6 14. Qg5 1-0

[Event "AUTO-INT-75"]
[Site "http://www.queenalice.com/game.php?id=52832"]
[Date "2006.2.13"]
[Round "1"]
[White "joeuno"]
[Black "KyoteeSun"]
[Result "0-1"]
[WhiteElo "1260"]
[BlackElo "1331"]

1. c4 e5 2. Nc3 c6 3. g4 Qf6 4. Ne4 Qf4 5. d3 Qxg4 6. c5 d5 7. Nc3 d4 8. f3 Qh4+
9. Kd2 dxc3+ 10. bxc3 Qf2 11. Bh3 Bxh3 12. Nxh3 Qxc5 13. Rg1 Na6 14. Rg5 f6 15.
Rf5 Rd8 16. Qe1 b5 17. f4 g6 18. d4 Qc4 19. Rxf6 Nxf6 20. fxe5 Ne4+ 0-1

[Event "AUTO-INT-75"]
[Site "http://www.queenalice.com/game.php?id=52833"]
[Date "2006.2.13"]
[Round "1"]
[White "KyoteeSun"]
[Black "joeuno"]
[Result "1-0"]
[WhiteElo "1317"]
[BlackElo "1274"]

1. e4 Nc6 2. c3 Nf6 3. f3 g6 4. Qb3 Bh6 5. Nh3 d6 6. Be2 O-O 7. g4 Ne5 8. d4 Nc6
9. g5 Na5 10. Qb4 Nc6 11. Qa4 Bg7 12. gxf6 Bxf6 13. Bh6 Re8 14. d5 Nb8 15. Ng5
Na6 16. Bb5 Nc5 17. Qb4 Nd3+ 18. Kd1 Nf2+ 19. Ke1 Nxh1 20. h4 a6 21. Ba4 1-0

[Event "AUTO-INT-75"]
[Site "http://www.queenalice.com/game.php?id=52849"]
[Date "2006.2.13"]
[Round "1"]
[White "KyoteeSun"]
[Black "jajerduco"]
[Result "1-0"]
[WhiteElo "1378"]
[BlackElo "1157"]

1. e4 e5 2. Qf3 Qh4 3. Bc4 Nf6 4. g3 Qxe4+ 5. Be2 Qxf3 6. Bxf3 g6 7. Nh3 h6 8.
d4 exd4 9. O-O d5 10. Nf4 Bg7 11. Re1+ Be6 12. c3 c5 13. cxd4 cxd4 14. Rd1 Nc6
15. b3 O-O 16. a4 g5 17. Nh5 Nxh5 18. Bxh5 d3 19. Ra2 Nb4 20. Rad2 Bf5 21. g4
Be4 22. Re1 Rac8 23. Ba3 Nc2 24. Red1 Nxa3 25. Nxa3 Rc3 26. Rf1 Rxb3 27. Nb5 Bc3
28. Rdd1 a6 29. Nxc3 Rxc3 30. f3 Bh7 31. f4 f6 32. f5 Rfc8 33. Rf3 Ra3 34. Rfxd3
Rxa4 35. Rxd5 Kf8 36. Re1 Bg8 37. Rd7 b5 38. Ree7 Ra1+ 39. Kf2 Rc2+ 40. Kf3 Rf1+
41. Ke3 Re1+ 42. Kd3 Rxe7 43. Rd8+ Kg7 44. Kxc2 Re2+ 45. Kd3 Rxh2 46. Rd7+ Kh8
47. Rd6 Bc4+ 48. Kd4 Rd2+ 49. Kc5 Rxd6 50. Kxd6 Kg7 51. Kc6 a5 52. Kb6 a4 53.
Be8 Be2 54. Bh5 a3 55. Be8 a2 56. Bxb5 Bxb5 57. Kxb5 a1=Q 58. Kc5 Qa3+ 59. Kc6
Qa4+ 60. Kd6 Qxg4 61. Kc6 1-0

[Event "AUTO-INT-76"]
[Site "http://www.queenalice.com/game.php?id=53672"]
[Date "2006.2.18"]
[Round "1"]
[White "jaychess"]
[Black "KyoteeSun"]
[Result "0-1"]
[WhiteElo "1462"]
[BlackElo "1333"]

1. e4 e5 2. Nc3 c6 3. Bc4 b5 4. Bb3 b4 5. Qf3 f6 6. Nce2 g5 7. Qh5+ Ke7 8. Qf7+
Kd6 9. c3 Nh6 10. Qc4 Ba6 11. Qxb4+ c5 12. Qa4 Bb7 13. d4 exd4 14. cxd4 cxd4 15.
Qxd4+ Kc7 16. Nf3 Nc6 17. Qc4 a5 18. O-O Ba6 19. Qc2 Qe7 20. Bc4 Bb7 21. h4 gxh4
22. Bf4+ d6 23. Nxh4 Qg7 24. Bb5 Kb6 25. Ba4 Rc8 26. Be3+ Kc7 27. Rac1 Kd8 28.
Bb6+ Kd7 29. Nf5 Nxf5 30. exf5 Qg5 31. Rfd1 Rg8 32. Ng3 h5 33. Bb3 Nb4 34. Be6+
Ke7 35. Qd2 Rc6 36. Rxc6 Bxc6 37. Bxg8 Qxg8 38. Nxh5 Qxg2# 0-1

[Event "AUTO-INT-76"]
[Site "http://www.queenalice.com/game.php?id=53673"]
[Date "2006.2.18"]
[Round "1"]
[White "KyoteeSun"]
[Black "jaychess"]
[Result "0-1"]
[WhiteElo "1342"]
[BlackElo "1427"]

1. e4 e5 2. Qf3 Nc6 3. Bc4 Nf6 4. c3 d6 5. g4 Bxg4 6. Qg3 h5 7. f3 h4 8. Qf2 Be6
9. b3 Bxc4 10. bxc4 Na5 11. Qxh4 Rxh4 12. Na3 Qd7 13. d4 exd4 14. cxd4 Nxe4 15.
fxe4 Rxe4+ 16. Ne2 Qg4 17. Kd2 Qxe2+ 18. Kc3 Qf3+ 19. Kb4 Nc6+ 20. Ka4 Qxh1 21.
d5 Qd1+ 22. Kb5 a6# 0-1

[Event "AUTO-INT-76"]
[Site "http://www.queenalice.com/game.php?id=53686"]
[Date "2006.2.18"]
[Round "1"]
[White "orazio76"]
[Black "KyoteeSun"]
[Result "1-0"]
[WhiteElo "1671"]
[BlackElo "1385"]

1. e4 e5 2. Bc4 Qf6 3. Nh3 Bc5 4. O-O g5 5. d3 Nh6 6. Nc3 g4 7. Ng5 Rg8 8. Nxh7
Qg6 9. Ng5 Be7 10. Bxf7+ Nxf7 11. Nd5 Bc5 12. Nxc7+ Kd8 13. Nxa8 Nxg5 14. Bxg5+
Ke8 15. Nc7+ Kf7 16. Qxg4 d6 17. Qf3+ Kg7 18. Qg3 Qf7 19. Nd5 Kf8 20. c3 b5 21.
Nf6 Rg6 22. b4 Bb6 23. Nd5 Nd7 24. a3 Qg7 25. Qf3+ Kg8 26. Ne7+ Kh8 27. Nxg6+
Qxg6 28. Be7 Qg7 29. Qh3+ Kg8 30. Bxd6 Qg6 31. Bxe5 Qg5 32. Bd4 Bc7 33. Bxa7 Qd8
34. Bd4 Nf8 35. Qh5 Qd6 36. e5 Qd5 37. c4 Qxd4 38. Qg5+ Kf7 39. Rac1 Bd8 40.
Qh5+ Ke6 41. Qe8+ Be7 42. Qxc8+ Kxe5 43. Qc6 Bg5 44. Qxb5+ Kf4 45. Rce1 Qxd3 46.
Qb8+ Kf5 47. Qxf8+ Kg6 48. Re6+ Kh5 49. Qh8+ Kg4 50. h3+ Kf5 51. Qe5# 1-0

[Event "AUTO-INT-76"]
[Site "http://www.queenalice.com/game.php?id=53687"]
[Date "2006.2.18"]
[Round "1"]
[White "KyoteeSun"]
[Black "orazio76"]
[Result "0-1"]
[WhiteElo "1384"]
[BlackElo "1631"]

1. e4 e5 2. Qf3 Bb4 3. Bc4 Nf6 4. c3 Bc5 5. g4 O-O 6. g5 Ne8 7. b4 Nd6 8. d4
Nxc4 9. Na3 Nxa3 10. Bxa3 Be7 11. dxe5 Bxg5 12. Nh3 h6 13. O-O Nc6 14. Nxg5
Qxg5+ 15. Kh1 Nxe5 16. Qh3 Nc4 17. Bc1 Qe5 18. Re1 d6 19. Qg2 Bd7 20. a3 d5 21.
Ra2 Rae8 22. Rae2 Qxc3 23. a4 Qxb4 24. Rg1 g6 25. Bxh6 Bxa4 26. f3 d4 27. Ra2 a5
28. Rc1 Qb3 29. h3 b5 30. Raa1 c5 31. Rab1 Qd3 32. Rd1 Bxd1 33. Rxb5 Bxf3 34.
Rxc5 Bxg2+ 35. Kxg2 Qxe4+ 36. Kh2 Qc2+ 37. Kg3 Qd3+ 38. Kg4 Re4+ 39. Bf4 Ne3+
40. Kf3 Qf1+ 41. Kxe4 Re8+ 42. Be5 f5+ 43. Kxd4 Rd8+ 0-1

[Event "AUTO-INT-76"]
[Site "http://www.queenalice.com/game.php?id=53696"]
[Date "2006.2.18"]
[Round "1"]
[White "KyoteeSun"]
[Black "koshnarek"]
[Result "0-1"]
[WhiteElo "1329"]
[BlackElo "1317"]

1. e4 e5 2. Qf3 Qf6 3. Qc3 Qc6 4. Qxe5+ Qe6 5. Qxc7 Qxe4+ 6. Be2 Qc6 7. Qe5+ Qe6
8. Qd4 Nc6 9. Qd3 Qg6 10. Qe3+ Nge7 11. c3 Qxg2 12. Bf3 Qg6 13. h4 d6 14. Be4
Qg4 15. f3 Qg3+ 16. Kd1 b6 17. Ne2 Qg2 18. Rg1 Qh3 19. Nf4 Qxh4 20. Ng2 Qg3 21.
Nf4 Qh4 22. Ng2 Qg3 23. d4 g6 24. d5 f5 25. Bd3 Ne5 26. Nf4 Qh4 27. Bd2 Nxd3 28.
Qxd3 Bg7 29. Qb5+ Bd7 30. Qb4 Nc8 31. Re1+ Kf7 32. Na3 a5 33. Qc4 Ra7 34. Nb5
Ra8 35. Nc7 Ra7 36. Nce6 Bf6 37. Rc1 g5 0-1

[Event "AUTO-INT-76"]
[Site "http://www.queenalice.com/game.php?id=53697"]
[Date "2006.2.18"]
[Round "1"]
[White "koshnarek"]
[Black "KyoteeSun"]
[Result "1-0"]
[WhiteElo "1326"]
[BlackElo "1363"]

1. e4 e5 2. d4 Qf6 3. dxe5 Qxe5 4. Nf3 Qxe4+ 5. Qe2 d5 6. Qxe4+ Be7 7. Qxd5 Be6
8. Qxb7 Nc6 9. Qxa8+ Kd7 10. Bb5 Bd5 11. Nc3 a6 12. Nxd5 axb5 13. O-O Kd6 14.
Rd1 h5 15. Nxe7+ Kxe7 16. Bg5+ f6 17. Bf4 Nb4 18. Bxc7 Kf7 19. c3 Nc2 20. Rd7+
Kg6 21. Rc1 Kh7 22. Qe4+ Kh6 23. Bf4+ g5 24. Bd2 b4 25. cxb4 Rh7 26. Rxh7# 1-0

[Event "AUTO-INT-71"]
[Site "http://www.queenalice.com/game.php?id=69038"]
[Date "2006.5.13"]
[Round "2"]
[White "KyoteeSun"]
[Black "toguints"]
[Result "0-1"]
[WhiteElo "1407"]
[BlackElo "1504"]

1. e4 c5 2. Qf3 d6 3. Bc4 e6 4. d3 Nf6 5. h3 Qe7 6. Bf4 Nc6 7. c3 Ne5 8. Qe2 b6
9. g4 Nxc4 10. dxc4 Bb7 11. f3 Qd7 12. g5 Nh5 13. Bh2 Be7 0-1

[Event "AUTO-INT-71"]
[Site "http://www.queenalice.com/game.php?id=69039"]
[Date "2006.5.13"]
[Round "2"]
[White "toguints"]
[Black "KyoteeSun"]
[Result "1-0"]
[WhiteElo "1516"]
[BlackElo "1395"]

1. d4 d5 2. Nc3 c6 3. Nf3 f6 4. e3 Qd6 5. Bd3 b5 6. a3 Na6 7. O-O h5 8. Bg6+ Kd8
9. b4 Rh6 10. Nh4 e6 11. e4 Ne7 12. Bxh6 gxh6 13. Re1 Qf4 14. g3 1-0

[Event "AUTO-INT-71"]
[Site "http://www.queenalice.com/game.php?id=69040"]
[Date "2006.5.13"]
[Round "2"]
[White "KyoteeSun"]
[Black "Zorro"]
[Result "1-0"]
[WhiteElo "1395"]
[BlackElo "1315"]

1. e4 e5 2. Qf3 Nf6 3. g4 Nc6 4. c3 a6 5. Bc4 Qe7 6. Na3 Na5 7. d3 b5 8. Bd5 c6
9. Bb3 Nxb3 10. axb3 Qe6 11. b4 Nxg4 12. h3 Nf6 13. Be3 d5 14. exd5 Nxd5 15. Rd1
Be7 16. h4 a5 17. bxa5 Bxa3 18. bxa3 Nxc3 19. Rc1 Nd5 20. Rc5 Bb7 21. Bd2 O-O
22. Rh3 Qd6 23. Rc1 Bc8 24. Rg3 Bb7 25. Qg4 Qf6 26. Bg5 Qd6 27. Be7 g6 28. Bxd6
Bc8 29. Qf3 Re8 30. Rxc6 1-0

[Event "AUTO-INT-71"]
[Site "http://www.queenalice.com/game.php?id=69041"]
[Date "2006.5.13"]
[Round "2"]
[White "Zorro"]
[Black "KyoteeSun"]
[Result "0-1"]
[WhiteElo "1329"]
[BlackElo "1381"]

1. e4 e5 2. Nc3 Qf6 3. Nd5 Qd6 4. Nc3 Nf6 5. a3 b6 6. Qf3 Ba6 7. d3 Nc6 8. Be3
h5 9. Bg5 Nd4 10. Qd1 c6 11. Nf3 b5 12. Bxf6 gxf6 13. Nb1 Qc5 14. c3 Ne6 15. Be2
Rg8 16. O-O Rb8 17. b4 Qd6 18. Nh4 Nf4 19. Bxh5 Be7 20. h3 f5 21. Nxf5 Qf6 22.
Nxe7 Rxg2+ 23. Kh1 Kxe7 24. Rg1 Qg5 25. Bg4 Rxf2 26. Qe1 Rc2 27. Rg3 Rh8 28. Nd2
Rxc3 29. Qg1 Qh4 30. Nf3 Qh6 31. Nxe5 d6 0-1

[Event "Challenge"]
[Site "http://www.queenalice.com/game.php?id=76295"]
[Date "2006.6.14"]
[Round "-"]
[White "pierj"]
[Black "KyoteeSun"]
[Result "1-0"]
[WhiteElo "1461"]
[BlackElo "1377"]

1. e4 e5 2. Nf3 Qf6 3. Bc4 g5 4. Nc3 c6 5. h3 b5 6. Bb3 b4 7. Ne2 Nh6 8. d3 Na6
9. Bxg5 Qg6 10. Bxh6 Bxh6 11. O-O Rb8 12. Nh4 Qg5 13. Nf5 Rg8 14. Neg3 d6 15.
Qf3 d5 16. Nxh6 Qxh6 17. exd5 c5 18. d6 Rb7 19. Rfe1 f6 20. Nf5 1-0

[Event "AUTO-INT-75"]
[Site "http://www.queenalice.com/game.php?id=81626"]
[Date "2006.7.1"]
[Round "2"]
[White "KyoteeSun"]
[Black "marte"]
[Result "0-1"]
[WhiteElo "1400"]
[BlackElo "2174"]

1. e4 e5 2. Qf3 Nf6 3. g4 Nc6 4. c3 d6 5. Bc4 Bxg4 6. Qg3 Qd7 7. h3 Nxe4 8. Qe3
Bf5 9. d3 Nf6 10. Rh2 O-O-O 11. d4 exd4 12. cxd4 Re8 0-1

[Event "AUTO-INT-75"]
[Site "http://www.queenalice.com/game.php?id=81627"]
[Date "2006.7.1"]
[Round "2"]
[White "marte"]
[Black "KyoteeSun"]
[Result "1-0"]
[WhiteElo "2207"]
[BlackElo "1398"]

1. d4 e6 2. c4 Qf6 3. Nf3 c5 4. Bg5 Qf5 5. Nc3 cxd4 6. Qxd4 Nc6 7. Qd1 h6 8. e4
Qa5 9. Bd2 g5 10. a3 e5 11. b4 Qc7 12. Nd5 Qd6 13. c5 Qb8 14. Bc3 g4 15. Nd2 Bg7
16. Qxg4 Rh7 17. Qf5 Rh8 18. Nc4 1-0

[Event "Challenge"]
[Site "http://www.queenalice.com/game.php?id=88635"]
[Date "2006.7.23"]
[Round "-"]
[White "MSF"]
[Black "KyoteeSun"]
[Result "1-0"]
[WhiteElo "1328"]
[BlackElo "1396"]

1. e4 e5 2. c3 Qf6 3. d4 c5 4. dxe5 Qxe5 5. Nd2 a6 6. Ngf3 Qf6 7. e5 Qf5 8. b4
cxb4 9. cxb4 Bxb4 10. Rb1 a5 11. a3 Bc5 12. Rb5 Be7 13. Nd4 Qg6 14. Rc5 1-0